[Event "Almaty zt 3.4"]
[Site "Almaty"]
[Date "2025.04.08"]
[Round "8"]
[White "Tulendinov, Dinmukhammed"]
[Black "Ayapov, Alimzhan"]
[Result "0-1"]
[WhiteElo "2141"]
[BlackElo "1984"]
[PlyCount "66"]
[EventDate "2025.04.02"]
[EventType "swiss"]
[EventRounds "9"]
[EventCountry "KAZ"]
[SourceTitle "CB15_2025"]
[SourceDate "2025.04.09"]
[SourceVersion "1"]
[SourceVersionDate "2025.04.09"]
[SourceQuality "1"]

1. e4 c6 2. d4 d5 3. Nc3 dxe4 4. Nxe4 Nf6 5. Nxf6+ exf6 6. c3 Bd6 7. Bd3 0-0 8. Qc2 Re8+ 9. Ne2 h5 10. 0-0 h4 11. h3 Nd7 12. Bd2 Nf8 13. Rae1 Bc7 14. f4 Qd6 15. c4 Be6 16. f5 Bxc4 17. Qxc4 Rxe2 18. Bf4 Qxf4 19. Rxf4 Rxe1+ 20. Rf1 Rae8 21. d5 Rxf1+ 22. Kxf1 Bg3 23. Be2 Nd7 24. dxc6 Nb6 25. Qc1 bxc6 26. b4 Nd5 27. Qxc6 Re5 28. Qc1 Nxb4 29. Qd2 Nd5 30. Kg1 Nf4 31. Bf1 Re1 32. a4 a5 33. Qc2 Nd5 0-1

[Event "Almaty zt 3.4"]
[Site "Almaty"]
[Date "2025.04.07"]
[Round "7"]
[White "Ayapov, Alimzhan"]
[Black "Dauren, Darmen"]
[Result "1-0"]
[WhiteElo "1984"]
[BlackElo "1924"]
[PlyCount "103"]
[EventDate "2025.04.02"]
[EventType "swiss"]
[EventRounds "9"]
[EventCountry "KAZ"]
[SourceTitle "CB15_2025"]
[SourceDate "2025.04.09"]
[SourceVersion "1"]
[SourceVersionDate "2025.04.09"]
[SourceQuality "1"]

1. d4 Nf6 2. Bf4 e6 3. e3 b6 4. Nf3 Bb7 5. Nbd2 d6 6. Be2 Nbd7 7. 0-0 g6 8. a4 a5 9. c3 Bg7 10. h3 0-0 11. Re1 Qe7 12. Qc2 e5 13. dxe5 dxe5 14. Bh2 Ne8 15. e4 Nd6 16. Bf1 f6 17. Nc4 Nxc4 18. Bxc4+ Kh8 19. Rad1 Rad8 20. Bd5 Bxd5 21. exd5 Nc5 22. b3 Qf7 23. b4 Nb7 24. Qe4 Rd7 25. Qc4 Rfd8 26. Qc6 Rb8 27. Rd2 Rd6 28. Qb5 Qd7 29. Qc4 Ra8 30. b5 Rd8 31. Red1 Nc5 32. Ne1 Bh6 33. f4 Bxf4 34. Bxf4 exf4 35. Qxf4 Re8 36. Rd4 Kg7 37. Nf3 Nb3 38. Re4 Rxe4 39. Qxe4 Nc5 40. Qd4 Qf7 41. c4 Kg8 42. Rf1 Qe7 43. Re1 Qf7 44. Qa1 Rd8 45. Re3 Rd7 46. Qe1 Kf8 47. Ng5 fxg5 48. Rf3 Qxf3 49. gxf3 Kf7 50. Qa1 Kg8 51. Qf6 Nb7 52. Qe6+ 1-0

[Event "Almaty zt 3.4"]
[Site "Almaty"]
[Date "2025.04.06"]
[Round "6"]
[White "Daulet, Alikhan"]
[Black "Ayapov, Alimzhan"]
[Result "1-0"]
[WhiteElo "2067"]
[BlackElo "1984"]
[PlyCount "81"]
[EventDate "2025.04.02"]
[EventType "swiss"]
[EventRounds "9"]
[EventCountry "KAZ"]
[SourceTitle "CB15_2025"]
[SourceDate "2025.04.09"]
[SourceVersion "1"]
[SourceVersionDate "2025.04.09"]
[SourceQuality "1"]

1. d4 d5 2. c4 c6 3. Nf3 Nf6 4. e3 Bf5 5. Nc3 e6 6. Nh4 Be4 7. f3 Bg6 8. Bd2 Nbd7 9. Nxg6 hxg6 10. Qc2 Rc8 11. 0-0-0 c5 12. cxd5 Nxd5 13. Kb1 cxd4 14. exd4 Bb4 15. Qb3 Bxc3 16. bxc3 a6 17. c4 Ne7 18. f4 b5 19. c5 Nf6 20. Bc1 Nf5 21. Be2 Ne4 22. Bf3 Nf2 23. d5 Nxh1 24. dxe6 Qe7 25. exf7+ Kf8 26. c6 b4 27. Rd7 Qc5 28. Qe6 Nd4 29. Rxd4 Qxd4 30. Qxc8+ Kxf7 31. Qb7+ Kg8 32. Bb2 Qd3+ 33. Kc1 Qc4+ 34. Kd2 Qxf4+ 35. Ke2 Qc4+ 36. Ke1 Qh4+ 37. g3 Qh6 38. c7 Qe3+ 39. Be2 Qg1+ 40. Kd2 Kh7 41. c8Q 1-0

[Event "Almaty zt 3.4"]
[Site "Almaty"]
[Date "2025.04.05"]
[Round "5"]
[White "Ayapov, Alimzhan"]
[Black "Khatibi, Mohammad Qais"]
[Result "1-0"]
[WhiteElo "1984"]
[BlackElo "1705"]
[PlyCount "144"]
[EventDate "2025.04.02"]
[EventType "swiss"]
[EventRounds "9"]
[EventCountry "KAZ"]
[SourceTitle "CB15_2025"]
[SourceDate "2025.04.09"]
[SourceVersion "1"]
[SourceVersionDate "2025.04.09"]
[SourceQuality "1"]

1. d4 Nf6 2. Bf4 c5 3. d5 b5 4. c4 bxc4 5. Nc3 g6 6. e4 d6 7. Bxc4 Bg7 8. h3 0-0 9. Nf3 Ba6 10. Nd2 Qa5 11. 0-0 Bxc4 12. Nxc4 Qb4 13. Qe2 Nbd7 14. a3 Qb7 15. Na5 Qc7 16. Nc6 Nb8 17. e5 Nxc6 18. exf6 Nd4 19. Qxe7 Qxe7 20. fxe7 Rfe8 21. Bxd6 Bf6 22. Rae1 Rac8 23. Ne4 Bxe7 24. Bg3 f5 25. d6 fxe4 26. d7 Red8 27. dxc8Q Rxc8 28. Rxe4 Nf5 29. Be5 Rd8 30. Bc3 Kf7 31. Rfe1 Bd6 32. Be5 Be7 33. R4e2 Rd7 34. Bc3 Bd6 35. Rd2 Nd4 36. Bxd4 cxd4 37. Re4 Bc5 38. Kf1 a5 39. Ke2 Rb7 40. Re5 Rc7 41. Rc2 d3+ 42. Kxd3 Rd7+ 43. Ke2 Bb6 44. Rc6 Bc7 45. Rb5 Re7+ 46. Kf3 Bd8 47. Rc8 Rd7 48. Rcb8 Rd3+ 49. Ke2 Rd6 50. Rxd8 Rxd8 51. Rxa5 Ke6 52. Rb5 Kd6 53. a4 Kc6 54. b3 h6 55. h4 Rd4 56. g3 Re4+ 57. Kf3 Re1 58. Kf4 Re2 59. f3 Re8 60. Re5 Rf8+ 61. Ke4 Rf6 62. b4 Rd6 63. a5 Kb7 64. b5 g5 65. hxg5 hxg5 66. Rxg5 Ka7 67. Rg7+ Ka8 68. f4 Rd8 69. f5 Rb8 70. b6 Re8+ 71. Kd5 Rd8+ 72. Ke6 Rc8 1-0

[Event "Almaty zt 3.4"]
[Site "Almaty"]
[Date "2025.04.05"]
[Round "4"]
[White "Kudaibergen, Nurlykhan"]
[Black "Ayapov, Alimzhan"]
[Result "1-0"]
[WhiteElo "2125"]
[BlackElo "1984"]
[PlyCount "121"]
[EventDate "2025.04.02"]
[EventType "swiss"]
[EventRounds "9"]
[EventCountry "KAZ"]
[SourceTitle "CB15_2025"]
[SourceDate "2025.04.09"]
[SourceVersion "1"]
[SourceVersionDate "2025.04.09"]
[SourceQuality "1"]

1. e4 c6 2. d4 d5 3. exd5 cxd5 4. Bd3 Nc6 5. c3 Nf6 6. h3 g6 7. Nf3 Bf5 8. 0-0 Bxd3 9. Qxd3 Qc7 10. Re1 e6 11. Ne5 Nxe5 12. dxe5 Nd7 13. Bf4 f6 14. Qg3 g5 15. Qg4 Nc5 16. Bc1 h5 17. Qf3 fxe5 18. Bxg5 e4 19. Qf6 Bg7 20. Qg6+ Qf7 21. Qxf7+ Kxf7 22. Na3 h4 23. Rf1 Kg6 24. Be3 Nd3 25. Nb5 Raf8 26. Bxa7 Nxb2 27. Rab1 Nc4 28. Rfd1 Rf7 29. Bd4 Rhf8 30. Bc5 Ra8 31. a3 Rc8 32. Bd4 Bf8 33. Ra1 Ra8 34. Ra2 Ra4 35. Be3 Bg7 36. Rc1 Be5 37. Bc5 Ra6 38. a4 Rc6 39. Bd4 Bf4 40. Rd1 Rc8 41. a5 Ra8 42. Rda1 Ra6 43. Bc5 Be5 44. Bb4 Bb8 45. Re1 Kh7 46. Ree2 Rg7 47. Nd4 Ne5 48. Kf1 Nd3 49. Rad2 Ba7 50. Nxe6 Rg8 51. Nc7 Rg5 52. Nxa6 bxa6 53. Rxd3 exd3 54. Rd2 Rf5 55. f3 Be3 56. Rxd3 Bf4 57. Bc5 Kg6 58. Bf2 Kh5 59. Rd4 Bg5 60. Bxh4 Kg6 61. Rg4 1-0

[Event "Almaty zt 3.4"]
[Site "Almaty"]
[Date "2025.04.02"]
[Round "1"]
[White "Ayapov, Alimzhan"]
[Black "Akhmedinov, Satbek"]
[Result "0-1"]
[WhiteElo "1984"]
[BlackElo "2318"]
[PlyCount "190"]
[EventDate "2025.04.02"]
[EventType "swiss"]
[EventRounds "9"]
[EventCountry "KAZ"]
[SourceTitle "CB15_2025"]
[SourceDate "2025.04.09"]
[SourceVersion "1"]
[SourceVersionDate "2025.04.09"]
[SourceQuality "1"]

1. d4 Nf6 2. Bf4 c5 3. d5 b5 4. Nf3 Qa5+ 5. Bd2 b4 6. c4 g6 7. Qc2 Bg7 8. e4 Nxe4 9. Bd3 Nxd2 10. Nbxd2 b3 11. Qxb3 Na6 12. Rb1 Rb8 13. Qa3 Qb4 14. Qb3 Qxb3 15. Nxb3 Nb4 16. Nxc5 d6 17. a3 dxc5 18. axb4 Rxb4 19. b3 e6 20. Ng5 exd5 21. cxd5 0-0 22. 0-0 a5 23. Ne4 Bb7 24. Bc4 Bd4 25. Nd6 Rb8 26. Nxb7 R8xb7 27. Rbc1 Kf8 28. Rfe1 f6 29. Rc2 Ra7 30. h4 h6 31. g3 a4 32. bxa4 Raxa4 33. Rec1 Ke7 34. Kg2 Kd6 35. Bd3 g5 36. hxg5 hxg5 37. Be4 Bb2 38. Rd1 Rxe4 39. Rxb2 Rad4 40. Rb6+ Kxd5 41. Ra1 Re6 42. Rb5 Rd2 43. Rc1 Rc6 44. Kf3 Kd4 45. Rb8 Rd6 46. Rc8 Rd5 47. g4 f5 48. gxf5 Rxf5+ 49. Kg3 Rd3+ 50. Kg4 Rd5 51. f4 gxf4 52. Kxf4 Rc3 53. Re1 Kc4 54. Rb8 Rd4+ 55. Kf5 Kd3 56. Ke5 Rh4 57. Rd8+ Kc2 58. Re2+ Kb3 59. Rb8+ Rb4 60. Rh8 c4 61. Rhh2 Rc1 62. Rb2+ Kc3 63. Rbe2 Rd1 64. Ke4 Rbb1 65. Rh3+ Kb4 66. Rc2 Rdc1 67. Rg2 Re1+ 68. Kf4 Rf1+ 69. Ke4 Rbe1+ 70. Kd4 Rd1+ 71. Ke4 Rfe1+ 72. Kf4 c3 73. Rh8 Rd5 74. Rc8 Rc5 75. Rb8+ Rb5 76. Rc8 Kb3 77. Rg3 Rb4+ 78. Kf3 Ree4 79. Rg1 c2 80. Rh8 Rec4 81. Rhh1 Rc3+ 82. Ke2 Kb2 83. Rc1 Rb8 84. Kd2 Rd8+ 85. Ke2 Rc7 86. Kf3 Re7 87. Kg4 Rf8 88. Kg5 Rg7+ 89. Kh6 Rg2 90. Kh7 Rh2+ 91. Rxh2 Kxc1 92. Kg7 Rf1 93. Rh8 Kb2 94. Rb8+ Kc3 95. Rc8+ Kd2 0-1

[Event "FIDE World Rapid Team"]
[Site "Almaty"]
[Date "2024.08.04"]
[Round "11.18"]
[White "Erkhembayar, Amartaivan"]
[Black "Ayapov, Alimzhan"]
[Result "1-0"]
[WhiteElo "1962"]
[BlackElo "2001"]
[PlyCount "89"]
[EventDate "2024.08.02"]
[EventType "team (rapid)"]
[EventRounds "12"]
[EventCountry "KAZ"]
[SourceTitle "CBM 221 Extra"]
[Source "ChessBase"]
[SourceDate "2024.09.30"]
[SourceVersion "1"]
[SourceVersionDate "2024.09.30"]
[SourceQuality "1"]
[WhiteTeam "Hunnu Air"]
[BlackTeam "Kazchess"]
[WhiteTeamCountry "MGL"]
[BlackTeamCountry "KAZ"]

1. d4 d5 2. Nf3 Nf6 3. Bf4 c5 4. c3 Nc6 5. e3 cxd4 6. exd4 Bf5 7. Bd3 Bxd3 8. Qxd3 e6 9. Nbd2 Bd6 10. Bg3 0-0 11. Ne5 Qc7 12. f4 Ne7 13. Bh4 Nd7 14. Bxe7 Bxe7 15. 0-0 f6 16. Nxd7 Qxd7 17. Rae1 Rfe8 18. Rf2 Rac8 19. Rfe2 Bd6 20. Qf3 Bb8 21. Qg4 Rc6 22. Nf3 g6 23. f5 e5 24. dxe5 Qxf5 25. Qxf5 gxf5 26. Nd4 fxe5 27. Nxc6 bxc6 28. Rf1 Rf8 29. Kf2 Kf7 30. Ke3 Ke6 31. Rf3 a5 32. Rh3 Rf7 33. Rh6+ Kd7 34. g3 Bd6 35. Kd2 Bf8 36. Rh5 Ke6 37. g4 e4 38. gxf5+ Ke5 39. Rg2 a4 40. Ke2 Rb7 41. Kd1 Kf4 42. f6 Rf7 43. Ke2 Bd6 44. h3 Bf8 45. Rg4# 1-0

[Event "FIDE World Rapid Team"]
[Site "Almaty"]
[Date "2024.08.03"]
[Round "6.6"]
[White "Ayapov, Alimzhan"]
[Black "Tanikin, Isabek"]
[Result "0-1"]
[WhiteElo "2001"]
[BlackElo "1952"]
[PlyCount "100"]
[EventDate "2024.08.02"]
[EventType "team (rapid)"]
[EventRounds "12"]
[EventCountry "KAZ"]
[SourceTitle "CBM 221 Extra"]
[Source "ChessBase"]
[SourceDate "2024.09.30"]
[SourceVersion "1"]
[SourceVersionDate "2024.09.30"]
[SourceQuality "1"]
[WhiteTeam "Kazchess"]
[BlackTeam "Ashdod"]
[WhiteTeamCountry "KAZ"]
[BlackTeamCountry "ISR"]

1. d4 Nf6 2. Bf4 g6 3. Nc3 Bg7 4. e4 d6 5. Qd2 0-0 6. 0-0-0 Nbd7 7. e5 Nh5 8. Bh6 dxe5 9. dxe5 Bxe5 10. Be2 Ng7 11. Nf3 Bf6 12. h4 c6 13. Ne4 Qb6 14. Nxf6+ Nxf6 15. h5 Bf5 16. hxg6 Bxg6 17. Qc3 Rfd8 18. Rxd8+ Rxd8 19. Nh4 Qxf2 20. Nxg6 hxg6 21. Bf3 Nf5 22. Bg5 Qd4 23. Rd1 Qxd1+ 24. Bxd1 Ne4 25. Qe5 Nxg5 26. g4 f6 27. Qa5 Rd5 28. Qxa7 Nd6 29. Qe3 Re5 30. Qb3+ Kg7 31. c3 Nge4 32. Qc2 Nc4 33. Bf3 Ned2 34. b3 Re1+ 35. Bd1 Ne3 36. Qxd2 Rxd1+ 37. Qxd1 Nxd1 38. Kxd1 Kf7 39. Ke2 Ke6 40. Ke3 Kd5 41. a4 e5 42. a5 f5 43. gxf5 gxf5 44. Kd3 Kc5 45. b4+ Kb5 46. Ke3 Kc4 47. Kd2 f4 48. Kc2 e4 49. Kd2 e3+ 50. Kc2 f3 0-1

[Event "IPCA Wch 23rd"]
[Site "Gyumri"]
[Date "2024.07.27"]
[Round "9"]
[White "Lipilin, Ilia"]
[Black "Ayapov, Alimzhan"]
[Result "1/2-1/2"]
[WhiteElo "2191"]
[BlackElo "1940"]
[PlyCount "145"]
[EventDate "2024.07.20"]
[EventType "swiss"]
[EventRounds "9"]
[EventCountry "ARM"]
[SourceTitle "CBM 221 Extra"]
[Source "ChessBase"]
[SourceDate "2024.09.30"]
[SourceVersion "1"]
[SourceVersionDate "2024.09.30"]
[SourceQuality "1"]

1. d4 d5 2. c4 c6 3. Nf3 Nf6 4. e3 Bf5 5. Nc3 e6 6. Nh4 Be4 7. f3 Bg6 8. Nxg6 hxg6 9. Bd3 c5 10. cxd5 exd5 11. 0-0 Nc6 12. Qe2 Bd6 13. g3 Qd7 14. Qf2 cxd4 15. exd4 Kf8 16. Bb5 Qh3 17. Bxc6 bxc6 18. Qg2 Qf5 19. Be3 Nd7 20. Rac1 Nb6 21. b3 Ke7 22. Qc2 Qf6 23. Rfe1 Kd8 24. Qf2 Kd7 25. Qe2 Qf5 26. Qc2 Qxc2 27. Rxc2 Rae8 28. Nd1 Bb4 29. Ree2 Re6 30. Nb2 Rhe8 31. Kf2 Bd6 32. Nd3 f6 33. Bf4 Rxe2+ 34. Rxe2 Rxe2+ 35. Kxe2 g5 36. Bxd6 Kxd6 37. Nc5 Nc8 38. Na6 Ne7 39. Kd3 Nf5 40. a4 Nh6 41. g4 Nf7 42. Nb4 Nd8 43. Nc2 Ne6 44. Ne3 Nf4+ 45. Kd2 g6 46. b4 Ne6 47. Kc3 Nf4 48. Kd2 Ne6 49. Nc2 Nf4 50. Ne1 Ne6 51. Ke3 Nf4 52. Nd3 Nxd3 53. Kxd3 Kc7 54. Kc3 Kb6 55. Kc2 Ka6 56. f4 Kb6 57. Kc3 a6 58. Kd3 Kc7 59. Ke3 Kd6 60. f5 gxf5 61. gxf5 Ke7 62. Kd3 Ke8 63. Kd2 Kd7 64. Ke2 Ke8 65. Ke1 Ke7 66. Kd1 Kd8 67. Kd2 Kd7 68. Ke3 Ke7 69. Kd3 Kd7 70. Kc3 Kc7 71. Kc2 Kd7 72. Kb3 Kc7 73. Kb2 1/2-1/2

[Event "IPCA Wch Blitz 23rd"]
[Site "Gyumri"]
[Date "2024.07.24"]
[Round "5"]
[White "Dzenisenia, Mikhail"]
[Black "Ayapov, Alimzhan"]
[Result "1-0"]
[WhiteElo "1830"]
[BlackElo "1940"]
[PlyCount "91"]
[EventDate "2024.07.24"]
[EventType "swiss (blitz)"]
[EventRounds "7"]
[EventCountry "ARM"]
[SourceTitle "CBM 221 Extra"]
[Source "ChessBase"]
[SourceDate "2024.09.30"]
[SourceVersion "1"]
[SourceVersionDate "2024.09.30"]
[SourceQuality "1"]

1. e4 c6 2. Nc3 d5 3. Nf3 dxe4 4. Nxe4 Nf6 5. Qe2 Nxe4 6. Qxe4 Be6 7. Bc4 Bxc4 8. Qxc4 Nd7 9. 0-0 e6 10. d4 Be7 11. a4 Qa5 12. Bd2 Qd5 13. Qd3 a5 14. Rfe1 0-0 15. Ne5 Rfd8 16. Bf4 Nf6 17. c3 c5 18. Nc4 Qc6 19. Be5 cxd4 20. Bxd4 Bc5 21. Red1 Bxd4 22. cxd4 b6 23. Rac1 Rac8 24. b3 g6 25. h3 Nd5 26. g3 Nb4 27. Qe3 Na2 28. Rc2 Nb4 29. Rcc1 Nd5 30. Qf3 Ne7 31. Qf6 Nf5 32. g4 Nd6 33. Ne5 Qb7 34. g5 Ne4 35. Qf4 Nc3 36. Re1 Nd5 37. Qh4 Rxc1 38. Rxc1 Rc8 39. Rc4 Rxc4 40. bxc4 Ne7 41. Ng4 Nf5 42. Nf6+ Kf8 43. Qxh7 Qf3 44. Qg8+ Ke7 45. Qe8+ Kd6 46. Qd7# 1-0